Countries by Gulfs - Statistics

General Stats
  • This quiz has been taken 9 times
  • The average score is 6 of 10
Answer Stats
Question Answer % Correct
Gulf of Venice Bosnia and Herzegovina
78%
Bay of Bengal Maldives
78%
Gulf of Bothnia Norway
78%
Gulf of Mexico Guatemala
67%
Persian Gulf Jordan
67%
Gulf of Aqaba Sudan
67%
Gulf of Thailand Indonesia
56%
Gulf of Fonseca Belize
44%
Gulf of Guinea Guinea Bissau
44%
Gulf of Cadiz Morocco
33%
No matching quizzes found
Score Distribution
Percent of People with Each Score
Percentile by Number Answered
Your Score History
You have not taken this quiz